000 00484nam a2200133 a 4500
008 120416s1970 ||||||||||||||||| || u
050 _aTA 407 Dur
100 _aDurelli, Augusto J
245 1 0 _aMoire analysis of strain
260 _aEnglewood Cliffs,
_bFT Prentice-Hall
_c1970
300 _axiv, 397p. : ill
350 _a0.00
995 _D0.00
_FCBU-MAIN LIBRARY (Kitwe)
_H1
_I16.65
_M1
_UAVAILABLE
_ZAnnex Low-Usage Collection
999 _c51546
_d51546